LEADER 02192nas 2200613-a 450 001 996208184803316 005 20230217213020.0 035 $a(DE-599)ZDB2870196-3 035 $a(OCoLC)50908749 035 $a(CKB)110978977743461 035 $a(CONSER)--2016250531 035 $a(EXLCZ)99110978977743461 100 $a20021031b19772015 --- - 101 0 $aeng 135 $aur|n||||||||| 181 $ctxt$2rdacontent 182 $cc$2rdamedia 183 $acr$2rdacarrier 200 00$aNorth Carolina journal of international law and commercial regulation 210 $a[Chapel Hill, N.C.] $c[North Carolina International Law and Commercial Regulation Association]$d[©1977-2015] 215 $a1 online resource (39 volumes) 300 $aRefereed/Peer-reviewed 311 $a0743-1759 517 3 $aNC j. int'l l. & comm. reg 517 1 $aN.C. j. int'l l. & comm. reg 606 $aForeign trade regulation$vPeriodicals 606 $aCommercial law$vPeriodicals 606 $aInternational law$vPeriodicals 606 $aCommercial law$2fast$3(OCoLC)fst00869502 606 $aForeign trade regulation$2fast$3(OCoLC)fst00931923 606 $aInternational law$2fast$3(OCoLC)fst00976984 606 $aCommerce international$2rasuqam 606 $aDroit commercial international$2rasuqam 606 $aRéglementation$2rasuqam 607 $aVerenigde Staten$2gtt 608 $aLaw reviews.$2fast 608 $aPeriodicals.$2fast 608 $aLaw reviews.$2lcgft 615 0$aForeign trade regulation 615 0$aCommercial law 615 0$aInternational law 615 7$aCommercial law. 615 7$aForeign trade regulation. 615 7$aInternational law. 615 7$aCommerce international. 615 17$aDroit commercial international. 615 7$aRéglementation. 676 $a341.7/54/05 712 02$aNorth Carolina International Law and Commercial Regulation Association. 712 02$aUniversity of North Carolina at Chapel Hill.$bSchool of Law. 906 $aJOURNAL 912 $a996208184803316 996 $aNorth Carolina journal of international law and commercial regulation$9792430 997 $aUNISA LEADER 01257nam a2200301 a 4500 001 991003199749707536 008 080121s2005 sz a b 000 0 eng d 020 $a0820475742 (US) 020 $a3039108042 035 $ab13647556-39ule_inst 040 $aDip.to Lingue$bita 082 4$a650.014 082 4$a651.75 245 00$aAsian Business Discourse(s) /$cFrancesca Bargiela-Chiappini and Maurizio Gotti 260 $aBern ;$aNew York :$bPeter Lang,$cc2005 300 $a350 p. :$bill. ;$c23 cm 440 0$aLinguistic Insights.$pStudies in Language and Communication ;$vv. 29 504 $aContiene riferimenti bibliografici 650 04$aLingua inglese$xCorrispondenza commerciale 651 4$aAsia$xCorrispondenza commerciale 700 1 $aBargiela-Chiappini, Francesca $eauthor$4http://id.loc.gov/vocabulary/relators/aut$0318449 700 1 $aGotti, Maurizio $eauthor$4http://id.loc.gov/vocabulary/relators/aut$029040 907 $a.b13647556$b28-01-14$c21-01-08 912 $a991003199749707536 945 $aLE012 651.75 GOT$g1$i2012000258143$lle012$o-$pE0.00$q-$rl$s- $t0$u5$v2$w5$x0$y.i1465345x$z21-01-08 996 $aAsian Business Discourse(s)$91463872 997 $aUNISALENTO 998 $ale012$b21-01-08$cm$da $e-$feng$gsz $h0$i0